Catalog

Record Details

Catalog Search



Specifika drogové scény na Praze 9 : bakalářská práce / Martin Kocián ; vedoucí práce Jan Dočkal ; oponent práce Lenka Procházková

Kocián, Martin (Dissertant). Dočkal, Jan (Thesis advisor). Procházková, Lenka (Opponent). Univerzita Karlova. Jabok (Added Author).

Record details

  • Physical Description: 65 s. : příl. ; 31 cm
  • Publisher: Praha : Univerzita Karlova v Praze, 2013

Content descriptions

General Note:
Datum obhajoby: 30-01-2013
Dissertation Note:
Bakalářská práce (Bc.)--Univerzita Karlova. Evangelická teologická fakulta, 2013
Study Program Information Note:
Pastorační a sociální práce
Sociální práce
Awards Note:
Výsledné hodnocení: Velmi dobře
Subject: Praha 9 (Česko)

Available copies

  • 1 of 1 copy available at Common Catalog SPOK.

Holds

  • 0 current holds with 1 total copy.
Show Only Available Copies
Location Call Number / Copy Notes Barcode Shelving Location Status Due Date
Jabok Library ABP-1924 424480028657 Absolventské práce Reference -

Electronic resources


LDR 01087ntm a22002897a 4500
00117644
003CZ-PrJAB
00520130514113349.0
008130423s2013 xr |||||r|||||||||||cze|d
035 . ‡a(CONS)17644
035 . ‡a(CZ PrCU)001569824
040 . ‡aABD162 ‡bcze ‡dABG312
072 7. ‡a364 ‡xSociální problémy vyžadující podporu a pomoc. Sociální zabezpečení ‡2Konspekt ‡918
1001 . ‡aKocián, Martin ‡4dis
24510. ‡aSpecifika drogové scény na Praze 9 : ‡bbakalářská práce / ‡cMartin Kocián ; vedoucí práce Jan Dočkal ; oponent práce Lenka Procházková
24633. ‡aAnalysis of the drug scene in Prague 9
260 . ‡aPraha : ‡bUniverzita Karlova v Praze, ‡c2013
300 . ‡a65 s. : ‡bpříl. ; ‡c31 cm
500 . ‡aDatum obhajoby: 30-01-2013
502 . ‡aBakalářská práce (Bc.)--Univerzita Karlova. Evangelická teologická fakulta, 2013
5268 . ‡aPastorační a sociální práce
52681. ‡aSociální práce
586 . ‡aVýsledné hodnocení: Velmi dobře
651 7. ‡aPraha 9 (Česko) ‡2czenas
6530 . ‡adrogy ‡adrogová závislost ‡aterénní práce ‡akontaktní centrum
7001 . ‡aDočkal, Jan ‡4ths
7001 . ‡aProcházková, Lenka ‡4opn
7102 . ‡aUniverzita Karlova. ‡bJabok
850 . ‡aETF
85641. ‡uhttps://is.cuni.cz/webapps/zzp/detail/123407 ‡yZobrazení plného textu (Repozitář závěrečných prací UK)
910 . ‡aABG312
901 . ‡a17644 ‡b ‡c17644 ‡tbiblio

Additional Resources